Enciclopedia audiovisual educativa fisica y quimica (Registro nro. 24770)

Detalles MARC
000 -CABECERA
Longitud fija campo de control 00633nam a2200205 a 4500
003 - • IDENTIFICADOR DELl NÚMERO DE CONTROL
Identificador del número de control CO-ViMGA
008 - • CÓDIGOS DE INFORMACIÓN DE LONGITUD FIJA
Códigos de información de longitud fija 141112s2004 ck r 000 u spa d
020 ## - • NÚMERO INTERNACIONAL NORMALIZADO PARA LIBROS
Número Internacional Normalizado para Libros (ISBN) 8449402409
040 ## - FUENTE DE LA CATALOGACIÓN
Centro catalogador de origen CO-ViMGA
Lengua de catalogación spa
Centro transcriptor CO-ViMGA
082 04 - • NÚMERO DE LA CLASIFICACIÓN DECIMAL DEWEY
Número de clasificación (R) R539 E524
245 10 - • TITULO PROPIAMENTE DICHO
Título Enciclopedia audiovisual educativa fisica y quimica
300 ## - • DESCRIPCIÓN FÍSICA
Extensión 2 V. + 2 VIDEOS
500 ## - • NOTA GENERAL
Nota general V.1 : Fisica. V.2 : Quimica. Incluye; 2 videos y libro guia.
590 ## - NOTAS LOCALES
Nota local Forma de adquisición : COMPRA
650 14 - • PUNTO DE ACCESO ADICIONAL DE MATERIA - TÉRMINO DE MATERIA
Término de materia o nombre geográfico como elemento inicial FISICA - ENSEÑANZA
650 14 - • PUNTO DE ACCESO ADICIONAL DE MATERIA - TÉRMINO DE MATERIA
Término de materia o nombre geográfico como elemento inicial QUIMICA - ENSEÑANZA
942 ## - ENTRADA DE ELEMENTOS AGREGADOS (KOHA)
Fuente de clasificaión o esquema Dewey Decimal Classification
Koha [por defecto] tipo de item LIbro

No hay ítems disponibles.










Instituto Departamental de Cultura del Meta - Red Departamental de Bibliotecas Públicas del Meta.